| Поле | Инд. | ПП | Название | Значение |
|---|---|---|---|---|
| Тип записи | a | |||
| Библиографический уровень | b | |||
| 001 | Контрольный номер | RU/IS/BASE/147787199 | ||
| 005 | Дата корректировки | 20200603180620.5 | ||
| 008 | Кодируемые данные | 20040906 | ||
| 084 | a | Индекс другой классификации/Индекс ББК | 67.404.212.47г(2) | |
| a | Индекс другой классификации/Индекс ББК | 67.3(2)5 | ||
| 100 | 1_ | a | Автор | Касаткина Ю. О. |
| 245 | a | Заглавие | Наем жилья по российскому дореволюционному гражданскому праву | |
| 650 | a | Основная рубрика | гражданское право | |
| a | Основная рубрика | договорное право | ||
| a | Основная рубрика | жилищное право | ||
| a | Основная рубрика | история государства и права | ||
| a | Основная рубрика | обязательственное право | ||
| a | Основная рубрика | право | ||
| 653 | a | Ключевые слова | аренда жилья | |
| a | Ключевые слова | Гражданский кодекс РФ | ||
| a | Ключевые слова | жилищное законодательство | ||
| a | Ключевые слова | жилищные отношения | ||
| a | Ключевые слова | жилищный вопрос | ||
| a | Ключевые слова | Жилищный кодекс РФ | ||
| a | Ключевые слова | наем жилого помещения | ||
| a | Ключевые слова | нормы права | ||
| a | Ключевые слова | Россия | ||
| a | Ключевые слова | Свод законов 1835 | ||
| 773 | t | Заглавие источника | Жилищное право | |
| d | Дата издания источника | 2004 | ||
| g | Прочая информация | № 3. - С. 92 - 100 | ||
| w | Контрольный № источника | RU/IS/BASE/147447945 | ||
| 901 | t | Тип документа | b |